000 01177nam a2200313 a 4500
001 000024340
005 20200930022927.0
008 110126s1974 sp r 000 | spa d
020 _z8428102543
040 _aDO-SdBNP
_bspa
_cBNPHU
041 1 7 _afre
_hspa
_2Código de idioma MARC
082 _a370.944
_bS675h
100 1 _aSnyders, Georges
_949915
240 1 0 _aTraité des sciencies pédagogiques. Histoire de la pédagogie.
_lEspañol
245 1 0 _aHistoria de la pedagogía /
_cGeorges Snyders, Antoine Léon, Jean Vial.
260 _aBarcelona, (España) :
_bOikos Tau Ediciones,
_c1974.
300 _a292 p. ;
_c20 cm.
500 _aPrimera edición de la lengua castellana, 1974
500 _aIncluye notas al pie de páginas
500 _aIncluye índice onomástico y topográfico
500 _aIncluye referencias bibliográficas
534 _aTítulo original :
_tTraité des sciencies pédagogiques. Histoire de la pédagogie
650 4 _aPedagogía
_xHistoria
_zFrancia
_949916
650 4 _aEducación
_xHistoria
_97857
650 4 _aPedagogía
_xHistoria
_949917
700 1 _aLéon, Antoine
_949918
700 1 _aVial, Jean
_949919
049 _aBNRG
999 _c23833
_d23833